[Event "GER-chT U16"]
[Site "Magdeburg"]
[Date "2019.12.29"]
[Round "6.5"]
[White "Wagner, Margarethe"]
[Black "Engert, Kiyan"]
[Result "0-1"]
[WhiteElo "1805"]
[BlackElo "1730"]
[PlyCount "50"]
[EventDate "2019.12.27"]
[EventType "team-swiss"]
[EventRounds "7"]
[EventCountry "GER"]
[SourceTitle "CBM 194 Extra"]
[Source "ChessBase"]
[SourceDate "2020.03.31"]
[SourceVersion "1"]
[SourceVersionDate "2020.03.31"]
[SourceQuality "1"]
[WhiteTeam "Erfurt SK"]
[BlackTeam "Biebertal"]
[WhiteTeamCountry "GER"]
[BlackTeamCountry "GER"]

1. e4 e5 2. Nf3 Nc6 3. Bb5 a6 4. Ba4 Nf6 5. 0-0 b5 6. Bb3 Be7 7. Re1 0-0 8. c3 d5 9. exd5 Nxd5 10. Nxe5 Nxe5 11. Rxe5 c6 12. Bxd5 cxd5 13. Qf3 Qc7 14. d4 Bd6 15. Re1 Bd7 16. h3 Rae8 17. Rf1 Re6 18. Be3 Rg6 19. Kh1 f5 20. Na3 f4 21. Bd2 Qc6 22. Nc2 Bf5 23. Qd1 f3 24. gxf3 Bxc2 25. Qxc2 Qd7 0-1

[Event "GER-chT U14"]
[Site "Verden an der Aller"]
[Date "2017.12.28"]
[Round "4.2"]
[White "Engert, Kiyan"]
[Black "Lohvinov, Petro"]
[Result "1-0"]
[WhiteElo "1711"]
[BlackElo "1854"]
[PlyCount "95"]
[EventDate "2017.12.26"]
[EventType "team-swiss"]
[EventRounds "7"]
[EventCountry "GER"]
[SourceTitle "CBM 182 Extra"]
[Source "ChessBase"]
[SourceDate "2018.02.23"]
[SourceVersion "1"]
[SourceVersionDate "2018.02.23"]
[SourceQuality "1"]
[WhiteTeam "Biebertal"]
[BlackTeam "Muenchen Suedost"]
[WhiteTeamCountry "GER"]
[BlackTeamCountry "GER"]

1. d4 Nf6 2. Nf3 e6 3. Bf4 b6 4. e3 Bb7 5. Be2 Be7 6. 0-0 0-0 7. h3 Ne4 8. Nbd2 d6 9. c3 Nd7 10. Nxe4 Bxe4 11. Nd2 Bb7 12. Bf3 Qc8 13. Qc2 d5 14. Rac1 c5 15. c4 Nf6 16. Bh2 Rd8 17. a3 cxd4 18. exd4 dxc4 19. Qxc4 Qxc4 20. Rxc4 Nd5 21. Rfc1 Bf6 22. Ne4 b5 23. Nxf6+ gxf6 24. Rc5 a6 25. b4 Rac8 26. Bxd5 Rxc5 27. dxc5 Rxd5 28. Bd6 Bc6 29. Be7 Rd3 30. Bxf6 Kf8 31. Rc3 Rxc3 32. Bxc3 Ke7 33. g4 f6 34. f4 Be4 35. Kf2 Bc6 36. Ke3 Bd5 37. h4 Bc6 38. g5 fxg5 39. hxg5 Bd5 40. Kd4 Bc6 41. Ke5 Bd7 42. Be1 Be8 43. Bh4 Bg6 44. c6 Kd8 45. Kxe6 Kc7 46. f5 Bh5 47. f6 Kxc6 48. f7 1-0

[Event "GER-chT U14"]
[Site "Verden an der Aller"]
[Date "2017.12.27"]
[Round "2.2"]
[White "Engert, Kiyan"]
[Black "Bui, Bao Anh Le"]
[Result "1-0"]
[WhiteElo "1711"]
[BlackElo "1916"]
[PlyCount "57"]
[EventDate "2017.12.26"]
[EventType "team-swiss"]
[EventRounds "7"]
[EventCountry "GER"]
[SourceTitle "CBM 182 Extra"]
[Source "ChessBase"]
[SourceDate "2018.02.23"]
[SourceVersion "1"]
[SourceVersionDate "2018.02.23"]
[SourceQuality "1"]
[WhiteTeam "Biebertal"]
[BlackTeam "Berlin Mattnetz"]
[WhiteTeamCountry "GER"]
[BlackTeamCountry "GER"]

1. d4 d5 2. Nf3 e6 3. Bf4 c5 4. e3 Nc6 5. c3 Nf6 6. Nbd2 Bd6 7. Bg3 Bxg3 8. hxg3 Qd6 9. Be2 0-0 10. 0-0 e5 11. dxe5 Nxe5 12. Nxe5 Qxe5 13. Nf3 Qe7 14. Qc2 Rd8 15. Rfd1 Ne4 16. Bd3 Bg4 17. c4 Ng5 18. cxd5 Nxf3+ 19. gxf3 Bxf3 20. Rd2 Rd6 21. Bf1 Rxd5 22. Rxd5 Bxd5 23. Bh3 Rd8 24. Rd1 b6 25. Qd3 c4 26. Qd4 Qf8 27. e4 Be6 28. Qxd8 Bxh3 29. Qh4 1-0

[Event "GER-chT U12"]
[Site "Magdeburg"]
[Date "2015.12.30"]
[Round "7.3"]
[White "Engert, Kiyan"]
[Black "Haufe, Laurin"]
[Result "1/2-1/2"]
[WhiteElo "1409"]
[BlackElo "1497"]
[PlyCount "139"]
[EventDate "2015.12.27"]
[EventType "team-swiss"]
[EventRounds "7"]
[EventCountry "GER"]
[SourceTitle "EXT 2017"]
[Source "ChessBase"]
[SourceDate "2016.10.25"]
[SourceVersion "1"]
[SourceVersionDate "2016.10.25"]
[SourceQuality "1"]
[WhiteTeam "Biebertal"]
[BlackTeam "Leipzig Gruen Weiss"]
[WhiteTeamCountry "GER"]
[BlackTeamCountry "GER"]

1. d4 Nf6 2. Nf3 c5 3. e3 e6 4. Bd3 d5 5. c3 Nc6 6. Nbd2 Be7 7. 0-0 0-0 8. dxc5 Bxc5 9. e4 e5 10. exd5 Nxd5 11. Nb3 Bb6 12. Re1 Re8 13. Bg5 Qd7 14. Bb5 Nc7 15. Qxd7 Bxd7 16. Bxc6 Bxc6 17. Nxe5 Bd5 18. Nd7 Ne6 19. Nxb6 axb6 20. Be3 Bxb3 21. axb3 Nc5 22. Bxc5 Rxe1+ 23. Rxe1 bxc5 24. g3 Kf8 25. Re5 b6 26. Kg2 Ra2 27. Re2 g6 28. Kf3 Kg7 29. Ke3 Ra1 30. Kd3 g5 31. f3 Rd1+ 32. Kc4 Rd6 33. b4 cxb4 34. Kxb4 Rd5 35. c4 Rf5 36. Re3 h5 37. Kc3 Rc5 38. b4 Rc6 39. Re5 Kg6 40. c5 bxc5 41. bxc5 Rf6 42. Re3 g4 43. f4 h4 44. Kb4 hxg3 45. hxg3 Kg7 46. Kb5 Rh6 47. c6 Rh1 48. Kb6 Rb1+ 49. Kc7 Rf1 50. Kc8 Rf3 51. Re7 Rxg3 52. c7 Rc3 53. Kd8 Kf6 54. Re5 Kg6 55. Rg5+ Kf6 56. Rxg4 Kf5 57. Rg1 f6 58. c8Q+ Rxc8+ 59. Kxc8 Kxf4 60. Kc7 f5 61. Kd6 Ke3 62. Rg3+ Ke4 63. Ra3 f4 64. Ra4+ Ke3 65. Ke5 f3 66. Ra3+ Ke2 67. Ke4 f2 68. Ra2+ Ke1 69. Ke3 f1N+ 70. Kd4 1/2-1/2

[Event "GER-chT U12"]
[Site "Magdeburg"]
[Date "2015.12.29"]
[Round "5.3"]
[White "Engert, Kiyan"]
[Black "Muedder, Melanie"]
[Result "1-0"]
[WhiteElo "1409"]
[BlackElo "1535"]
[PlyCount "125"]
[EventDate "2015.12.27"]
[EventType "team-swiss"]
[EventRounds "7"]
[EventCountry "GER"]
[SourceTitle "EXT 2017"]
[Source "ChessBase"]
[SourceDate "2016.10.25"]
[SourceVersion "1"]
[SourceVersionDate "2016.10.25"]
[SourceQuality "1"]
[WhiteTeam "Biebertal"]
[BlackTeam "Rheydt"]
[WhiteTeamCountry "GER"]
[BlackTeamCountry "GER"]

1. d4 c5 2. d5 Nf6 3. Nf3 g6 4. Nc3 d6 5. e4 Bg7 6. Bb5+ Nbd7 7. 0-0 0-0 8. Bf4 a6 9. Bd3 b5 10. Rb1 Nb6 11. b4 c4 12. Be2 Nh5 13. Bd2 e6 14. dxe6 fxe6 15. Bg5 Qd7 16. Qd2 d5 17. e5 Qf7 18. Qe3 Nd7 19. g3 Qf5 20. Be7 Rf7 21. Bd6 Bb7 22. Nd4 Qh3 23. Bf3 Bf8 24. Bg2 Bh6 25. Bxh3 Bxe3 26. fxe3 Ng7 27. Nxe6 Nf5 28. Bxf5 gxf5 29. Nc5 Nxc5 30. Bxc5 Re8 31. Bd6 Kg7 32. Rbd1 Kg6 33. Nxd5 Bxd5 34. Rxd5 Rd7 35. Rfd1 Kf7 36. Kf2 Ke6 37. Kf3 h5 38. R5d2 Red8 39. Ke2 Kf7 40. Bc5 Rxd2+ 41. Rxd2 Rxd2+ 42. Kxd2 Ke6 43. Ke2 Kxe5 44. Kf3 Kf6 45. Kf4 Kg6 46. Bd4 Kf7 47. Kxf5 Kg8 48. Kg5 Kf7 49. Kxh5 Ke6 50. e4 Kd6 51. Kg6 Ke6 52. h4 Ke7 53. Kg7 Ke6 54. h5 Ke7 55. h6 Ke6 56. h7 Ke7 57. h8Q Ke6 58. Qh6+ Ke7 59. Qf6+ Kd7 60. Be5 Ke8 61. Qf7+ Kd8 62. Kf6 Kc8 63. Qc7# 1-0

[Event "GER-chT U12"]
[Site "Magdeburg"]
[Date "2015.12.27"]
[Round "2.3"]
[White "Engert, Kiyan"]
[Black "Dietz, Florian"]
[Result "0-1"]
[WhiteElo "1409"]
[BlackElo "1729"]
[PlyCount "118"]
[EventDate "2015.12.27"]
[EventType "team-swiss"]
[EventRounds "7"]
[EventCountry "GER"]
[SourceTitle "EXT 2017"]
[Source "ChessBase"]
[SourceDate "2016.10.25"]
[SourceVersion "1"]
[SourceVersionDate "2016.10.25"]
[SourceQuality "1"]
[WhiteTeam "Biebertal"]
[BlackTeam "Halle Reideburger"]
[WhiteTeamCountry "GER"]
[BlackTeamCountry "GER"]

1. d4 Nf6 2. Nf3 c5 3. e3 g6 4. c4 Bg7 5. Nc3 cxd4 6. exd4 0-0 7. Bf4 d5 8. Qb3 dxc4 9. Bxc4 Nc6 10. Be3 Na5 11. Qb4 Nxc4 12. Qxc4 Be6 13. Qb4 Qd7 14. 0-0 Nd5 15. Nxd5 Bxd5 16. Ne5 Qe6 17. a4 a5 18. Qa3 Rfd8 19. Rac1 Rac8 20. Rfe1 f6 21. Nd3 Qd7 22. Bd2 Rxc1 23. Nxc1 Qg4 24. Qg3 Qxd4 25. Bxa5 Re8 26. b3 e5 27. Qe3 Qxe3 28. fxe3 Rc8 29. b4 Bh6 30. e4 Bxe4 31. Rxe4 Rxc1+ 32. Kf2 Rc2+ 33. Kg1 Rc3 34. b5 Ra3 35. Bd8 Kf7 36. a5 Bd2 37. Rc4 Bxa5 38. Bxa5 Rxa5 39. Rc7+ Ke6 40. Rxb7 h5 41. Rb8 Kd7 42. b6 Rb5 43. b7 Kc7 44. Rf8 Rxb7 45. Rxf6 Rb6 46. Rf3 Kd7 47. Kf2 Ke6 48. Re3 Rb2+ 49. Kf3 Kf5 50. h3 Rb4 51. g3 g5 52. Kf2 Rb2+ 53. Kf1 Rh2 54. g4+ Kf4 55. Rc3 hxg4 56. hxg4 Kxg4 57. Kg1 Ra2 58. Re3 Kf4 59. Rb3 e4 0-1

[Event "GER-chT U12"]
[Site "Magdeburg"]
[Date "2015.12.27"]
[Round "1.3"]
[White "Engert, Kiyan"]
[Black "Melzig, Antonio"]
[Result "1-0"]
[WhiteElo "1409"]
[BlackElo "1215"]
[PlyCount "73"]
[EventDate "2015.12.27"]
[EventType "team-swiss"]
[EventRounds "7"]
[EventCountry "GER"]
[SourceTitle "EXT 2017"]
[Source "ChessBase"]
[SourceDate "2016.10.25"]
[SourceVersion "1"]
[SourceVersionDate "2016.10.25"]
[SourceQuality "1"]
[WhiteTeam "Biebertal"]
[BlackTeam "Biberach"]
[WhiteTeamCountry "GER"]
[BlackTeamCountry "GER"]

1. d4 d5 2. Nf3 Nf6 3. e3 Bd7 4. c4 e6 5. Qb3 Bc6 6. Nc3 Be7 7. Ne5 b6 8. Nxc6 Nxc6 9. cxd5 Nxd5 10. Bb5 0-0 11. Bxc6 Rb8 12. Bxd5 exd5 13. Qxd5 Qxd5 14. Nxd5 Bd6 15. Bd2 a5 16. 0-0 Rfe8 17. Rac1 Rbc8 18. Rfe1 c6 19. Nxb6 Rb8 20. Rxc6 Be7 21. Bxa5 Bd8 22. a3 Bxb6 23. Bxb6 f6 24. b4 Ra8 25. Ra1 Reb8 26. Bc5 Rd8 27. a4 Rd7 28. b5 Rb7 29. b6 Rd8 30. a5 Rdd7 31. a6 Rb8 32. a7 Ra8 33. Rc7 Rxc7 34. bxc7 Kh8 35. c8Q+ Rxc8 36. a8Q Rxa8 37. Rxa8# 1-0

[Event "Hessen-ch U12"]
[Site "Bad Homburg"]
[Date "2015.04.01"]
[Round "3"]
[White "Stork, Oliver"]
[Black "Engert, Kiyan"]
[Result "1/2-1/2"]
[WhiteElo "1844"]
[BlackElo "1291"]
[PlyCount "45"]
[EventDate "2015.03.30"]
[EventType "swiss"]
[EventRounds "9"]
[EventCountry "GER"]
[SourceTitle "EXT 2017"]
[Source "ChessBase"]
[SourceDate "2016.10.25"]
[SourceVersion "1"]
[SourceVersionDate "2016.10.25"]
[SourceQuality "1"]

1. c4 e5 2. g3 Nc6 3. Bg2 f5 4. Nc3 Nf6 5. d3 Bb4 6. e3 Bxc3+ 7. bxc3 d6 8. Ne2 0-0 9. Rb1 e4 10. d4 b6 11. Nf4 Kh8 12. Qa4 Bd7 13. Qc2 Ne7 14. Ba3 c5 15. 0-0 Qc8 16. Rfd1 Qa6 17. Qb2 Qxc4 18. Rd2 Rfd8 19. dxc5 dxc5 20. Rbd1 Nc6 21. Bf1 Qf7 22. Bb5 Ne5 23. Kg2 1/2-1/2

[Event "Hessen-ch U12"]
[Site "Bad Homburg"]
[Date "2014.??.??"]
[Round "6"]
[White "Dietrich, Klaus"]
[Black "Engert, Kiyan"]
[Result "0-1"]
[WhiteElo "699"]
[BlackElo "989"]
[PlyCount "20"]
[EventDate "2014.04.??"]
[EventType "swiss"]
[EventRounds "9"]
[EventCountry "GER"]
[SourceTitle "EXT 2022"]
[Source "ChessBase"]
[SourceDate "2021.10.06"]
[SourceVersion "1"]
[SourceVersionDate "2021.10.06"]
[SourceQuality "1"]

1. e4 e5 2. Nf3 Nc6 3. Nc3 Bc5 4. Bc4 d6 5. Ng5 Qxg5 6. 0-0 Nd4 7. d3 Qg6 8. Bd2 Ne7 9. a3 Bh3 10. Qf3 Nxf3+ 0-1

[Event "Hessen-ch U12"]
[Site "Bad Homburg"]
[Date "2013.??.??"]
[Round "6"]
[White "Engert, Kiyan"]
[Black "Scherer, Sarah"]
[Result "1/2-1/2"]
[WhiteElo "945"]
[BlackElo "1118"]
[PlyCount "81"]
[EventDate "2013.03.??"]
[EventType "swiss"]
[EventRounds "9"]
[EventCountry "GER"]
[SourceTitle "EXT 2014"]
[Source "ChessBase"]
[SourceDate "2013.11.20"]
[SourceVersion "1"]
[SourceVersionDate "2013.11.20"]
[SourceQuality "1"]

1. d4 b6 2. Nf3 Bb7 3. Bf4 Nf6 4. e3 g6 5. Nc3 Bg7 6. Nb5 d6 7. Nc3 0-0 8. Bd3 c5 9. 0-0 Nc6 10. Bg5 Qc7 11. Bxf6 Bxf6 12. Nd5 Qd8 13. Nxf6+ exf6 14. c3 Qd7 15. Qe2 Rfe8 16. Qc2 Qe6 17. Rfe1 c4 18. Bf1 b5 19. Rad1 d5 20. b3 Rab8 21. bxc4 bxc4 22. Rd2 Bc8 23. Rde2 f5 24. Ng5 Qe7 25. Nf3 Qe4 26. Qxe4 fxe4 27. Ng5 Bg4 28. Rd2 h6 29. Nh3 Bxh3 30. gxh3 Re6 31. Rdd1 Rf6 32. Rb1 Rf5 33. Rxb8+ Nxb8 34. Rb1 Nc6 35. Rb7 Rg5+ 36. Bg2 Rf5 37. Rc7 Rf6 38. Rd7 Rf5 39. Rd6 Ne7 40. Rd7 Nc6 41. Rc7 1/2-1/2

[Event "Hessen-ch U12"]
[Site "Bad Homburg"]
[Date "2013.??.??"]
[Round "9"]
[White "Tychyna, Violetta"]
[Black "Engert, Kiyan"]
[Result "1-0"]
[WhiteElo "866"]
[BlackElo "945"]
[PlyCount "49"]
[EventDate "2013.03.??"]
[EventType "swiss"]
[EventRounds "9"]
[EventCountry "GER"]
[SourceTitle "EXT 2014"]
[Source "ChessBase"]
[SourceDate "2013.11.20"]
[SourceVersion "1"]
[SourceVersionDate "2013.11.20"]
[SourceQuality "1"]

1. e4 e5 2. Nf3 Nc6 3. Nc3 Bc5 4. Bc4 d6 5. Nd5 Bg4 6. d3 Nd4 7. c3 Nxf3+ 8. gxf3 Bh3 9. d4 exd4 10. cxd4 Bb6 11. Nxb6 axb6 12. Bd5 c6 13. Bb3 Nf6 14. Rg1 0-0 15. Bh6 Ne8 16. Qd2 Qf6 17. Rg3 Be6 18. Bxe6 fxe6 19. 0-0-0 Kh8 20. Bg5 Qf7 21. Rdg1 Rxa2 22. Kc2 d5 23. R1g2 dxe4 24. fxe4 Qxf2 25. Rxf2 1-0